Fr. Conceicao Rodrigues College of Engineering

Wireless Networks (Record no. 20903)

MARC details
000 -LEADER
fixed length control field 00333nam a2200157Ia 4500
082 ## - DEWEY DECIMAL CLASSIFICATION NUMBER
Classification number 621.3192
Item number NIC
100 ## - MAIN ENTRY--PERSONAL NAME
Personal name Nicopolitidis/P
245 ## - TITLE STATEMENT
Title Wireless Networks
260 ## - PUBLICATION, DISTRIBUTION, ETC.
Name of publisher, distributor, etc. Wiley India
Date of publication, distribution, etc. 2003
366 ## - TRADE AVAILABILITY INFORMATION
Publishers's discount category 25
300 ## - PHYSICAL DESCRIPTION
Extent 405
546 ## - LANGUAGE NOTE
Language note ENGLISH
-- electronics
650 ## - SUBJECT ADDED ENTRY--TOPICAL TERM
Topical term or geographic name entry element Wireless networks
942 ## - ADDED ENTRY ELEMENTS (KOHA)
Koha item type BOOK
Holdings
Withdrawn status Lost status Damaged status Not for loan Collection Home library Current library Date acquired Source of acquisition Cost, normal purchase price Inventory number Total Checkouts Full call number Barcode Date last seen Cost, replacement price Price effective from Koha item type
        CRC Fr. Agnel's C.Rodrigues College of Engineering Fr. Agnel's C.Rodrigues College of Engineering 17/03/2023 Allied Publishers 351.75 615 dt 29.07.2015   621.3192 NIC 23735 17/03/2023 469.00   BOOK
        CRC Fr. Agnel's C.Rodrigues College of Engineering Fr. Agnel's C.Rodrigues College of Engineering 17/03/2023 Allied Publishers 351.75 615 dt 29.07.2015   621.3192 NIC 23736 17/03/2023 469.00   BOOK
        CRC Fr. Agnel's C.Rodrigues College of Engineering Fr. Agnel's C.Rodrigues College of Engineering 17/03/2023 Allied Publishers 351.75 615 dt 29.07.2015   621.3192 NIC 23737 17/03/2023 469.00   BOOK
        CRC Fr. Agnel's C.Rodrigues College of Engineering Fr. Agnel's C.Rodrigues College of Engineering 17/03/2023 Allied Publishers 351.75 615 dt 29.07.2015   621.3192 NIC 23738 17/03/2023 469.00   BOOK
        CRC Fr. Agnel's C.Rodrigues College of Engineering Fr. Agnel's C.Rodrigues College of Engineering 17/03/2023 Allied Publishers 351.75 615 dt 29.07.2015   621.3192 NIC 23739 17/03/2023 469.00   BOOK